000 01300cam a22003497a 4500
001 2346
003 FISKH
005 20240905104413.0
008 131106s2012 nyu j 000 1 eng d
010 _a 2012418744
020 _a9780545371735 (pbk.)
020 _a9780545371742
020 _a0545371732 (pbk.)
035 _a(OCoLC)ocn829674408
040 _aZQP
_cZQP
_dDLC
_beng
042 _alccopycat
050 0 0 _aPZ7.R9516
_bSp 2012
082 0 4 _a813.6
_222
100 1 _aWest, Tracey
245 1 0 _aSpy academy /
_cTracey West
260 _aNew York :
_bScholastic,
_c2011.
300 _a85 pages ;
_c20 cm.
505 _aJ
520 _aZack Pearce is thrilled to be attending St. Perfidious Yearling Academy, known to its students as Spy Academy, but when he is accused of being a double agent from St. Perfidious's rival the ROGUE School, Zack wonders if he can uncover the real double agent before it's too late, and if anyone will believe him if he does.
521 0 _a470
_bLexile Adjusted
521 0 _aJ
_bRaz-Plus
650 0 _aBoarding schools
_vJuvenile fiction.
650 0 _aBoarding school students
_vJuvenile fiction.
650 0 _aBrainwashing
_vJuvenile fiction.
906 _a7
_bcbc
_ccopycat
_d2
_encip
_f20
_gy-gencatlg
942 _2ddc
_cBK
_n0
999 _c2346
_d2346